000 01154nam a2200289Ia 4500
001 ebr10687100
003 CaPaEBR
006 m u
007 cr cn|||||||||
008 111102s2013 nyua sb 001 0 eng d
020 _z9780823244768
040 _aCaPaEBR
_cCaPaEBR
035 _a(OCoLC)846997942
050 1 4 _aBD111
_b.N68 2013eb
082 0 4 _a111
_223
100 1 _aNovotny, Daniel D.
245 1 0 _aEns rationis from Suarez to Caramuel
_h[electronic resource] :
_ba study in scholasticism of the Baroque era /
_cDaniel D. Novotny.
260 _aNew York :
_bFordham University Press,
_c2013.
300 _axvii, 296 p. :
_bill.
504 _aIncludes bibliographical references and index.
533 _aElectronic reproduction.
_bPalo Alto, Calif. :
_cebrary,
_d2013.
_nAvailable via World Wide Web.
_nAccess may be limited to ebrary affiliated libraries.
600 1 0 _aSuarez, Francisco,
_d1548-1617.
650 0 _aMetaphysics.
655 7 _aElectronic books.
_2local
710 2 _aebrary, Inc.
856 4 0 _uhttp://site.ebrary.com/lib/rucke/Doc?id=10687100
_zAn electronic book accessible through the World Wide Web; click to view
999 _c13116
_d13116